Statistics for Flags of the Least Populated Countries

Click here to take the quiz!

General Stats

  • This quiz has been taken 31 times
  • The average score is 9 of 10

Answer Stats

Answer% Correct
Monaco
100%
San Marino
96%
Vatican City
96%
Liechtenstein
93%
Marshall Islands
89%
Palau
89%
Tuvalu
89%
Dominica
85%
Nauru
85%
St. Kitts and Nevis
78%

Score Distribution

Percentile by Number Answered

Percent of People with Each Score

Your Score History

You have not taken this quiz